000 01099nam a22002897a 4500
005 20170515143850.0
010 _a1617EN ENG-117032
020 _a9781137607348
_c699.00
020 _a9781137607348
_c600.00
035 _aB-652170-176
035 _aEN-100564
035 _aB-669803
037 _bPragati
_adpl
037 _bDBAD/PUB
082 _a330.015195
100 _aGujarati, Damodar
245 _aEconomrtrics by example /
_cby Damodar Gujarati,
250 _a2nd ed.
260 _aNew York
_bPalgrave Macmillan
_c2015
270 _a175 Fifth Avenue
_bNew York
_e10010
300 _axxx,466 p. :
_c24cm(pbk)
_bill
500 _aIncludes index
650 _a Ideology.
942 _2ddc
_cEN
_h330.015195
_mDAM
999 _c102119
_d102119